000 00288nam a2200121Ia 4500
008 190216s9999||||xx |||||||||||||| ||und||
100 _aJanardhanapillai
245 2 _aA Text Book Of Calculus
260 _bVidyarthimithram
_c1969
300 _a368p
650 _aMathematics
942 _cBK
999 _c30537
_d30537